राजस्थानी साहित्य का इतिहास : (Record no. 121019)

MARC details
000 -LEADER
fixed length control field 01254nam a22002537a 4500
005 - DATE AND TIME OF LATEST TRANSACTION
control field 20170124103206.0
010 ## - LIBRARY OF CONGRESS CONTROL NUMBER
LC control number B-183101
020 ## - INTERNATIONAL STANDARD BOOK NUMBER
Terms of availability 500.00
035 ## - SYSTEM CONTROL NUMBER
System control number B-183101
037 ## - SOURCE OF ACQUISITION
Source of stock number/acquisition Cen Lib/Ret
040 ## - CATALOGING SOURCE
Original cataloging agency DPL
Language of cataloging HN
082 ## - DEWEY DECIMAL CLASSIFICATION NUMBER
Classification number 860.9
Item number मालीबी
100 ## - MAIN ENTRY--PERSONAL NAME
Personal name माली, बी. एल.
9 (RLIN) 73
245 ## - TITLE STATEMENT
Title राजस्थानी साहित्य का इतिहास :
Statement of responsibility, etc बी. एल. माली
Remainder of title आरम्भ्काल-मध्यकाल-आधुनिकाल /
246 ## - VARYING FORM OF TITLE
Title proper/short title Rajasthani sahitye ka itihas : aarambhkal-madhyekal-aadhunikal /
Remainder of title by B. L. Maali
260 ## - PUBLICATION, DISTRIBUTION, ETC. (IMPRINT)
Place of publication, distribution, etc जयपुर
Name of publisher, distributor, etc रचना प्रकाशन
Date of publication, distribution, etc 2004
270 ## - ADDRESS
Address 57, नाटाणी भवन, मिश्र्राजा जी का रास्ता चाँदपोल बाज़ार
City जयपुर
Postal code 302001
300 ## - PHYSICAL DESCRIPTION
Extent 343पृ.
Dimensions 22सेमी(सजिल्द)
650 ## - SUBJECT ADDED ENTRY--TOPICAL TERM
Topical term or geographic name as entry element हिंदी साहित्य
9 (RLIN) 93968
650 ## - SUBJECT ADDED ENTRY--TOPICAL TERM
Topical term or geographic name as entry element साहित्य का इतिहास--राजस्थान
9 (RLIN) 83322
650 ## - SUBJECT ADDED ENTRY--TOPICAL TERM
Topical term or geographic name as entry element Hindi literature
9 (RLIN) 93969
650 ## - SUBJECT ADDED ENTRY--TOPICAL TERM
Topical term or geographic name as entry element History of literature--Rajasthan
9 (RLIN) 93970
942 ## - ADDED ENTRY ELEMENTS (KOHA)
Source of classification or shelving scheme Dewey Decimal Classification
Koha item type Hindi Books
Classification part 860.9
Call number suffix मालीबी
Holdings
Withdrawn status Lost status Damaged status Not for loan Home library Current library Date acquired Source of acquisition Cost, normal purchase price Total Checkouts Full call number Barcode Date last seen Date checked out Copy number Cost, replacement price Price effective from Koha item type
        Central Library Central Library 30/09/2015 Cen Lib/Ret 500.00 1 860.9 मालीबी B-183101 25/04/2022 12/04/2022 1 500.00 30/09/2015 Hindi Books
        Central Library Central Library 28/03/2016 Cen Lib/Ref 500.00   860.9 मालीबी B-183102 28/03/2016   1 500.00 28/03/2016 Hindi Books

© Delhi Public Library
Hit Counter
free hit counter